| 000 | 00360cam a2200145ua 4500 | ||
|---|---|---|---|
| 041 |
_aeng _h |
||
| 082 |
_a657 _bPIC/AC |
||
| 100 | _aPickles, William . | ||
| 245 |
_aAccountancy / _cWilliam Pickles. _hTextual Documents |
||
| 260 |
_aLondon : _bSir Isaac Pitman & Sons Ltd , _c1960. |
||
| 300 | _a1419 ; . | ||
| 504 | _a | ||
| 942 | _cBK | ||
| 999 |
_c1098 _d1098 |
||